Tvorba a ochrana životného prostredia

Salvato in:
Dettagli Bibliografici
Autore principale: Vybíralová, Júlia
Ente Autore: Ekonomická univerzita v Bratislave. Fakulta podnikového manažmentu
Altri autori: Füzyová, Ľubica, Džubáková, Martina
Natura: Libro
Lingua:slovacco
Pubblicazione: Bratislava Ekonóm 2002
Soggetti:
Tags: Aggiungi Tag
Nessun Tag, puoi essere il primo ad aggiungerne!!

MARC

LEADER 00000nam a2200000 4500
001 c138234
005 20221124093147.0
020 |a 80-225-1584-1 
041 0 |a slo 
044 |a SK 
245 1 0 |a Tvorba a ochrana životného prostredia  |c Júlia Vybíralová, Ľubica Füzyová, Martina Džubáková 
264 1 |a Bratislava  |b Ekonóm  |c 2002 
300 |a 192 s. 
610 2 0 |a prostredie životné 
610 2 0 |a ochrana prostredia životného 
610 2 0 |a politika environmentálna 
610 2 0 |a zdroje energie 
610 2 0 |a biotechnológia 
610 2 0 |a likvidácia odpadu 
610 2 0 |a zber surovín 
610 2 0 |a odpad 
610 2 0 |a odpadky 
610 2 0 |a spracovanie odpadu 
610 2 0 |a ekológia 
610 2 0 |a investície ekologické 
100 1 |a Vybíralová, Júlia 
700 1 |a Füzyová, Ľubica 
700 1 |a Džubáková, Martina 
710 2 |a Ekonomická univerzita v Bratislave. Fakulta podnikového manažmentu